Factores productivos de los gobiernos municipales de la provincia de Buenos Aires (Registro nro. 24877)

Detalles MARC
000 -LEADER
fixed length control field 00423 a2200133 4500
001 - CONTROL NUMBER
control field ART_11067
005 - DATE AND TIME OF LATEST TRANSACTION
control field 20260410161849.0
008 - FIXED-LENGTH DATA ELEMENTS--GENERAL INFORMATION
fixed length control field 260409a
100 1# - MAIN ENTRY--PERSONAL NAME
Personal name Garegnani, Lorena
245 10 - TITLE STATEMENT
Title Factores productivos de los gobiernos municipales de la provincia de Buenos Aires
700 1# - ADDED ENTRY--PERSONAL NAME
Personal name Brambilla, Irene
700 1# - ADDED ENTRY--PERSONAL NAME
Personal name Porto, Natalia
773 0# - HOST ITEM ENTRY
Title Económica
Related parts - Año XLIV, Nº 3 (dic. 1998)
Record control number REV7541

No hay ítems disponibles.